A la sombra de los días

El autor logra imbricar los destinos privados de los protagonistas con tres momentos de la sociedad chilena y sus respectivos contextos históricos; por un lado, los primeros años de la década de 1930, luego, los comienzos del gobierno del Frente Popular y, finalmente, mediados de la década del sesen...

Full description

Bibliographic Details
Main Author: Atías, Guillermo 1917-1971
Format: Libro Literatura
Language:English
Published: Santiago, Chile : Zig zag, 1965.
Subjects:

MARC

LEADER 00000nam a22000007a 4500
003 UAHC
005 20221220122321.0
007 ta
008 221220b |||||||| |||| 00| 0 eng d
040 |a UAHC  |c UAHC  |d UAHC 
082 |a Ch863  |b AT872 
100 |9 16514  |a Atías, Guillermo  |d 1917-1971 
245 |a A la sombra de los días  |c Guillermo Atias. 
260 |a Santiago, Chile :   |b Zig zag,  |c 1965. 
300 |a 221 páginas. 
520 |a El autor logra imbricar los destinos privados de los protagonistas con tres momentos de la sociedad chilena y sus respectivos contextos históricos; por un lado, los primeros años de la década de 1930, luego, los comienzos del gobierno del Frente Popular y, finalmente, mediados de la década del sesenta. En este sentido, la novela refleja el estado de ánimo de una generación que fue testigo de acontecimientos históricos fundamentales como el gobierno del Frente Popular, la ascensión de Hitler al poder, la Revolución Española y la Segunda Guerra Mundial. 
541 |a Donación Poli Délano. 
650 0 |9 338  |a Novelas chilenas 
900 |a Ch863 ATI 
942 |2 ddc  |c BKL 
952 |0 0  |1 0  |2 ddc  |4 0  |6 CH_863_000000000000000_ATI  |7 0  |8 COMP  |9 97427  |a BC  |b BC  |c General  |d 2022-12-20  |e Donación  |g 6000.00  |o Ch863 ATI  |p 1442537  |r 2025-11-26 00:00:00  |t 1  |v 6000.00  |w 2022-12-20  |y BKL 
999 |c 60036  |d 60036